Liquid crystallinity in polymers : principles and fundamental properties /

Guardado en:
Otros Autores: Ciferri, A., (Editor , ed.)
Formato: Libro
Idioma:English
Publicado: New York : VCH Publishers, c1991.
Materias:
Etiquetas: Agregar Etiqueta
Sin Etiquetas, Sea el primero en etiquetar este registro!
LEADER 00776pam a22002175a 4500
001 EIQ.libpla003692
008 910125s1991####nyua#####b####001#0#eng#d
005 20080229190833.0
245 0 0 |a Liquid crystallinity in polymers :  |b principles and fundamental properties /  |c edited by Alberto Ciferri. 
260 |a New York :  |b VCH Publishers,  |c c1991. 
300 |a x, 438 p. :  |b il. ;  |c 24 cm. 
504 |a Incluye referencias bibliográficas e índice. 
020 |a 089573771X (New York) 
020 |a 3527279229 (Weinheim) 
700 1 |a Ciferri, A.,  |e ed.  |4 edt 
082 0 0 |a 530.4/29  |2 20 
650 4 |a Polímeros  |x Cristales líquidos. 
650 4 |a Polymers  |x liquid crystals. 
010 |a  91007856  
040 |a DLC  |c DLC  |d AR-BbSID 
859 |a AR-BbSID  |b BIB. PLAPIQUI  |h 547.84  |i L 669  |p 3986